<?xml version="1.0" encoding="UTF-8"?>
<record
    xmlns:xsi="http://www.w3.org/2001/XMLSchema-instance"
    xsi:schemaLocation="http://www.loc.gov/MARC21/slim http://www.loc.gov/standards/marcxml/schema/MARC21slim.xsd"
    xmlns="http://www.loc.gov/MARC21/slim">

  <leader>03119    a2200193   4500</leader>
  <controlfield tag="001">22449</controlfield>
  <controlfield tag="005">20260407155515.0</controlfield>
  <controlfield tag="008">260407a1967    arg                 spa d</controlfield>
  <controlfield tag="003">AR-UNSa-BCEJYS</controlfield>
  <datafield tag="040" ind1=" " ind2=" ">
    <subfield code="a">AR-UNSa-BCEJYS</subfield>
    <subfield code="b">spa</subfield>
    <subfield code="c">AR-UNSa-BCEJYS</subfield>
  </datafield>
  <datafield tag="080" ind1=" " ind2=" ">
    <subfield code="a">336.1</subfield>
    <subfield code="x">Finanzas P&#xFA;blicas. Finanzas del gobierno en general
 
</subfield>
  </datafield>
  <datafield tag="245" ind1="1" ind2="0">
    <subfield code="a">Principios de Hacienda P&#xFA;blica</subfield>
  </datafield>
  <datafield tag="264" ind1=" " ind2="1">
    <subfield code="a">Madrid :</subfield>
    <subfield code="b">Editorial del Derecho Financiero</subfield>
    <subfield code="c">1967</subfield>
  </datafield>
  <datafield tag="300" ind1=" " ind2=" ">
    <subfield code="a">xx, 556 p.</subfield>
    <subfield code="c">22 cm.</subfield>
  </datafield>
  <datafield tag="520" ind1=" " ind2=" ">
    <subfield code="a">Parte I: Fundamentos de la Hacienda Publica: 1. Concepto de hacienda p&#xFA;blica  y relaciones de esta disciplina con otras ciencias - 2. Historia de las doctrinas fiscales(primera parte) - 3. Historia de las doctrinas fiscales(segunda parte) - 4. Gastos p&#xFA;blicos, razones por las cuales deben incluirse en el estudio de la hacienda - 5. Gastos p&#xFA;blicos(continuaci&#xF3;n) - 6. Los factores determinantes del empleo.antecedentes pr&#xF3;ximos y remotos - 7. La pol&#xED;tica fiscal en la practica - Parte II: Administraci&#xF3;n financiera y deuda p&#xFA;blica : 8. El presupuesto - 9. El presupuesto(continuaci&#xF3;n) - 10. El tesoro y la deuda flotante - 11. La deuda consolidada - 12. Emisiones de empr&#xE9;stitos - 13. Deuda interior y exterior - 14. Consideraciones acerca del cr&#xE9;dito p&#xFA;blico-su naturaleza jur&#xED;dica y econ&#xF3;mica - Parte III: Ingresos originarios y derivados : 15. Los ingresos del estado-Ingresos originarios y derivados - 16. Los ingresos de car&#xE1;cter privado y el transito de las empresas concesionarias de servicios p&#xFA;blico a empresas del estado - 17. Exacciones especiales y generales - 18. La tasas - 19. El impuesto se trata de una categor&#xED;a hist&#xF3;rica y sirve para cubrir cierta clase de servicios p&#xFA;blicos en su mayor parte indivisibles - 20. Los principios generales de la imposici&#xF3;n - 21. El impuesto proporcional y progresivo.Caracteristicas de ambos - 22. Divisi&#xF3;n de los impuestos - 23. Los principios administrativos de la imposici&#xF3;n.las cuatro reglas de Adam Smith - 24. La traslaci&#xF3;n del impuesto.Acepciones de este concepto - 25. Capacidad tributaria.antecedentes del problema - 26. Doble imposici&#xF3;n.Diferentes aspectos del problema - Parte IV: Econom&#xED;a y t&#xE9;cnica de los impuestos: 27. Los impuestos del producto - 28. El impuesto sobre la renta - 29. El impuesto sobre ingresos en Inglaterra y en Alemania - 30. Los antecedentes del impuesto federal sobre ingresos en Norteamerica - 31. Impuesto de sociedades - 32. El impuesto general sobre el gasto - 33. El impuesto sobre el patrimonio - 34. Impuestos sobre las transmisiones - 35. El impuesto de sucesiones - 36. El impuesto sobre los gastos - 37. El impuesto sobre los art&#xED;culos de primera necesidad - 38. Impuestos sobre art&#xED;culos que son de consumo general;pero no imprescindibles - 39. Impuestos miscelanesos sobre el gasto y otros conceptos - 40. Impuestos miscelanesos sobre el gasto y otros conceptos (continuaci&#xF3;n) - 41. Los derechos de aduana - 42. Problemas de competencia en materia fiscal y deslinde de jurisdicciones - 43. La hacienda municipal. </subfield>
  </datafield>
  <datafield tag="942" ind1=" " ind2=" ">
    <subfield code="c">BK</subfield>
  </datafield>
  <datafield tag="590" ind1=" " ind2=" ">
    <subfield code="a">niveau_biblio:m niveau_hierar:0</subfield>
  </datafield>
  <datafield tag="100" ind1="1" ind2=" ">
    <subfield code="a">Franco, Gabriel</subfield>
  </datafield>
  <datafield tag="999" ind1=" " ind2=" ">
    <subfield code="c">1012</subfield>
    <subfield code="d">1012</subfield>
  </datafield>
  <datafield tag="952" ind1=" " ind2=" ">
    <subfield code="0">0</subfield>
    <subfield code="1">0</subfield>
    <subfield code="4">0</subfield>
    <subfield code="7">0</subfield>
    <subfield code="a">BCEJYS</subfield>
    <subfield code="b">BCEJYS</subfield>
    <subfield code="c">16</subfield>
    <subfield code="d">2026-04-07</subfield>
    <subfield code="l">0</subfield>
    <subfield code="o">336.1 F814/1967</subfield>
    <subfield code="p">L23838</subfield>
    <subfield code="r">2026-04-07 15:55:15</subfield>
    <subfield code="w">2026-04-07</subfield>
    <subfield code="y">L</subfield>
  </datafield>
</record>
